00558nam a2200169 a 4500008004100000020001500041050001600056100002200072245008900094250001200183260005200195300004100247350000900288500003500297650003900332700001700371071203s2002 ||||||||||||||||| || u a0130619965 aQD 31.2 Hil aPetrucci, Ralph H10aGeneral chemistry: an integrated approach (3rd ed.)cJohn W. Hill; Ralph H. Petrucci a3rd ed. aUpper Saddle River, N. J.:bPrentice Hallc2002 axxvii, 1103[various pagings]p.: ill. a0.00 aAnnotated instructor's edition 0aCHEMISTRY--HANDBOOKS, MANUALS, ETC aHill, John W